LEADER 03402oas 2201345 a 450 001 9910145557203321 005 20251105213014.0 011 $a1879-0402 035 $a(DE-599)ZDB2019216-2 035 $a(DE-599)2019216-2 035 $a(OCoLC)41264727 035 $a(CONSER) 2003252825 035 $a(CKB)954925620166 035 $a(EXLCZ)99954925620166 100 $a19990428a19979999 sy 101 0 $aeng 135 $aurmn||||||||| 181 $ctxt$2rdacontent 182 $cc$2rdamedia 183 $acr$2rdacarrier 200 10$aCurrent opinion in chemical biology 210 $a[London] $cCurrent Biology$dİ1997- 210 3 $aAmsterdam $cElsevier 300 $aRefereed/Peer-reviewed 300 $aPublished: Current Biology, 1997-1998; Elsevier Science, 1999- 300 $aTitle from article PDF (ScienceDirect, viewed December 15, 2003). 311 08$a1367-5931 517 3 $aChemical biology 531 00$aCurr opin chem biol 531 1 $aCurr. opin. chem. biol. 606 $aBioorganic chemistry$vPeriodicals 606 $aBiology$vPeriodicals 606 $aBiochemistry 606 $aBioorganic chemistry$xPeriodicals 606 $aBiology$vPeriodicals 606 $aBiochemistry 606 $aChimie bio-organique$xPe?riodiques 606 $aBiologie$xPe?riodiques 606 $aChimie bio-organique$vPe?riodiques 606 $aBiologie$vPe?riodiques 606 $aBiochimie 606 $abiochemistry$2aat 606 $aBiochemistry$2fast$3(OCoLC)fst00831961 606 $aBiology$2fast$3(OCoLC)fst00832383 606 $aBioorganic chemistry$2fast$3(OCoLC)fst00832648 608 $aPeriodical. 608 $aperiodicals.$2aat 608 $aPeriodicals.$2fast 608 $aPeriodicals.$2lcgft 608 $aPe?riodiques.$2rvmgf 615 0$aBioorganic chemistry 615 0$aBiology 615 0$aBiochemistry. 615 0$aBioorganic chemistry$xPeriodicals. 615 0$aBiology 615 2$aBiochemistry. 615 6$aChimie bio-organique$xPe?riodiques. 615 6$aBiologie$xPe?riodiques. 615 6$aChimie bio-organique 615 6$aBiologie 615 6$aBiochimie. 615 7$abiochemistry. 615 7$aBiochemistry. 615 7$aBiology. 615 7$aBioorganic chemistry. 801 0$bOH1 801 1$bOH1 801 2$bOCL 801 2$bOCLCQ 801 2$bWAU 801 2$bOCLCQ 801 2$bOCL 801 2$bOCLCQ 801 2$bU9S 801 2$bWAU 801 2$bSCB 801 2$bOCLCQ 801 2$bOCLCO 801 2$bOCLCQ 801 2$bOCLCF 801 2$bOCLCO 801 2$bVT2 801 2$bOCLCQ 801 2$bOCLCO 801 2$bOCLCQ 801 2$bNJR 801 2$bNLE 801 2$bOCLCO 801 2$bBUF 801 2$bU3W 801 2$bEZC 801 2$bOCLCO 801 2$bAU@ 801 2$bOCLCO 801 2$bWYU 801 2$bUKMGB 801 2$bAUD 801 2$bUMC 801 2$bOCLCO 801 2$bTKN 801 2$bOCLCO 801 2$bOCLCA 801 2$bNJT 801 2$bBWN 801 2$bOCLCO 801 2$bOCLCQ 801 2$bOCLCO 801 2$bOCL 801 2$bOCLCQ 801 2$bUAB 801 2$bOCLCQ 906 $aJOURNAL 912 $a9910145557203321 996 $aCurrent opinion in chemical biology$91901300 997 $aUNINA